Policy studies journal the journal of the Policy Studies Organization.

Detalles Bibliográficos
Autor Corporativo: Policy Studies Organization
Formato: Desconocido
Lenguaje:inglés
Publicado: Urbana, Ill. : University of Illinois
Materias:
Acceso en línea:Acceso restringido

MARC

LEADER 00000ny a22000003n 4500
003 EbpS
005 20110513101210.0
006 m d ||||||
007 cr anunnnuuuaa
008 750507c19uu9999iluqr1p 0 a0eng
022 0 |a 0190-292X 
035 |a 4209 
040 |a BUS  |d vLex 
090 |c 1829  |d 1829 
245 3 0 |a Policy studies journal  |h [Recurso electrn̤ico]  |b the journal of the Policy Studies Organization. 
246 3 |a PSJ 
256 |a Servicio en ln̕ea 
260 |a Urbana, Ill. :  |b University of Illinois 
310 |a Trimestral 
650 0 4 |a Ciencias sociales  |x Publicaciones perid̤icas 
650 0 4 |a Politica social  |x Publicaciones perid̤icas 
710 2 |a Policy Studies Organization 
740 |a vLex Revista (Servicios en ln̕ea) 
843 |a Electrn̤ica. Abierta 
853 |8 1  |i (year)  |j (month)  |k (day) 
856 4 0 |z Acceso restringido  |u http://vlex.com/account/login_ip?fuente_id=4209  
942 |c REV